| 000 | 00945nam a2200277 i 4500 | ||
|---|---|---|---|
| 001 | 91679 | ||
| 003 | ES-MaACL | ||
| 005 | 20250604062538.0 | ||
| 007 | t| | ||
| 008 | 050204s2003 sp b |||| | spa d | ||
| 020 | _a84-95379-63-5 | ||
| 080 | _a329.12(460)"18/19" | ||
| 080 | _a94(460)"18/19" | ||
| 245 | 0 | 4 |
_aLas máscaras de la libertad _b: el liberalismo español, 1808-1950 / _cManuel Suárez Cortina (ed.). |
| 260 |
_a[Madrid] : _bMarcial Pons Historia : _bFundación Práxedes Mateo Sagasta, _c2003. |
||
| 300 |
_a516 p. : _bmapas ; _c23 cm. |
||
| 490 | 1 | _aCoediciones | |
| 650 | 1 | 4 |
_aLiberalismo- _zEspaña- _vHistoria. _914389 |
| 651 | 7 |
_aEspaña- _xHistoria- _yS.XIX _2 _9142005 |
|
| 651 | 4 |
_aEspaña- _xHistoria- _yS.XX. _9138832 |
|
| 700 | 1 |
_aSuárez Cortina, Manuel. _9108597 |
|
| 710 | 2 |
_aFundacion Práxedes Mateo Sagasta. _94396 |
|
| 830 | 0 |
_aCoediciones _9191111 |
|
| 852 |
_aES-MaACL _jL-28800 |
||
| 999 |
_c91679 _d91679 |
||